Word scramble with EU-countries - Statistics

General Stats
  • This quiz has been taken 22 times
  • The average score is 25 of 27
Answer Stats
Hint Answer % Correct
MRAKNED DENMARK
100%
LYTAI ITALY
100%
UTPLARGO PORTUGAL
100%
IPSAN SPAIN
100%
NEWDES SWEDEN
100%
BLARGIUA BULGARIA
95%
HEZCC CPUIBLER CZECH REPUBLIC
95%
NARCEF FRANCE
95%
MAYRGEN GERMANY
95%
ERCEGE GREECE
95%
RYGHANU HUNGARY
95%
DNAIERL IRELAND
95%
TALMA MALTA
95%
LOSKAIVA SLOVAKIA
95%
GUMLEIB BELGIUM
91%
DIFNLNA FINLAND
91%
TVILAA LATVIA
91%
MLUBOGRXEU LUXEMBOURG
91%
DANRLSTHENE NETHERLANDS
91%
LOANPD POLAND
91%
MAAINRO ROMANIA
91%
YRPSUC CYPRUS
86%
INATHLAUI LITHUANIA
86%
VAINOLSE SLOVENIA
86%
SARTUAI AUSTRIA
82%
OINESTA ESTONIA
82%
ORTICAA CROATIA
73%
No matching quizzes found
Score Distribution
Percent of People with Each Score
Percentile by Number Answered
Your Score History
You have not taken this quiz